Countries with the letter B - Statistics

General Stats
  • This quiz has been taken 37 times
    30 since last reset
  • The average score is 33 of 45
Answer Stats
Answer % Correct
Bahamas
93%
Belgium
93%
Bulgaria
93%
Bhutan
89%
Bosnia and Herzegovina
89%
Botswana
89%
Brazil
89%
Barbados
85%
Belize
85%
Bolivia
85%
Brunei
81%
Bahrain
78%
Democratic Republic of the Congo
78%
Albania
74%
Azerbaijan
74%
Bangladesh
74%
Belarus
74%
Benin
74%
Djibouti
74%
Mozambique
74%
Serbia
74%
Uzbekistan
74%
Burkina Faso
70%
Burundi
70%
Dominican Republic
70%
Saudi Arabia
70%
Zimbabwe
70%
Antigua and Barbuda
67%
Cambodia
67%
Gabon
67%
Liberia
67%
Luxembourg
67%
United Arab Emirates
67%
Zambia
67%
Central African Republic
63%
Cuba
63%
Gambia
63%
Guinea-Bissau
63%
Kiribati
63%
Lebanon
63%
Colombia
59%
Libya
59%
Namibia
59%
Trinidad and Tobago
59%
Czech Republic
48%
No matching quizzes found
Score Distribution
Percent of People with Each Score
Percentile by Number Answered
Your Score History
You have not taken this quiz since the last reset